|
|
|
|
| LEADER |
00000nab a2200000 a 4500 |
| 001 |
vtls001561986 |
| 003 |
SK-MaSNL |
| 005 |
20260304201412.0 |
| 008 |
050426c2005 xo wr|p|||||||000 b|slo |
| 015 |
|
|
|a SNBRB2005/04
|2 snkbucl
|
| 038 |
|
|
|a SNKBUCL
|
| 040 |
|
|
|a SNKBUCL
|b slo
|c SNKBUCL
|e AACR2
|
| 041 |
0 |
|
|a slo
|
| 044 |
|
|
|a xo
|c SK
|
| 080 |
|
|
|a 78.076
|2 UDC-MRF-SK2
|
| 080 |
|
|
|a 784.66
|2 UDC-MRF-SK2
|
| 080 |
|
|
|a 7.097
|x (437.6)
|2 UDC-MRF-SK2
|
| 100 |
1 |
|
|a Valášek, Michal
|4 aut
|9 548198
|
| 245 |
1 |
0 |
|a Prvý apríl v SuperStar
|c Michal Valášek
|
| 300 |
|
|
|b Fotogr.
|
| 610 |
2 |
7 |
|a Slovenská televízia
|2 snkbucl
|9 115516
|
| 611 |
2 |
7 |
|a Slovensko hľadá SuperStar
|n (1. :
|d 2005)
|2 snkbucl
|9 97369
|
| 650 |
0 |
7 |
|a populárna hudba
|2 snkbucl
|9 3428
|
| 650 |
0 |
7 |
|a spevácke súťaže
|2 snkbucl
|9 72693
|
| 773 |
0 |
|
|t Slovenka
|g Roč. 58, č. 14 (2005), s. 26-27
|x 0231-6676
|
| 852 |
|
|
|a SNK
|b KIS3GCP
|
| 999 |
|
|
|c 3094821
|d 3096751
|